<?xml version="1.0" encoding="UTF-8"?>
<record
    xmlns:xsi="http://www.w3.org/2001/XMLSchema-instance"
    xsi:schemaLocation="http://www.loc.gov/MARC21/slim http://www.loc.gov/standards/marcxml/schema/MARC21slim.xsd"
    xmlns="http://www.loc.gov/MARC21/slim">

  <leader>01998    a2200229   4500</leader>
  <controlfield tag="001">32452</controlfield>
  <controlfield tag="005">20260407155623.0</controlfield>
  <controlfield tag="008">260407a1975    arg                 spa d</controlfield>
  <controlfield tag="003">AR-UNSa-BCEJYS</controlfield>
  <datafield tag="040" ind1=" " ind2=" ">
    <subfield code="a">AR-UNSa-BCEJYS</subfield>
    <subfield code="b">spa</subfield>
    <subfield code="c">AR-UNSa-BCEJYS</subfield>
  </datafield>
  <datafield tag="080" ind1=" " ind2=" ">
    <subfield code="a">658</subfield>
    <subfield code="x">Administraci&#xF3;n de empresas. Organizaci&#xF3;n comercial</subfield>
  </datafield>
  <datafield tag="245" ind1="1" ind2="0">
    <subfield code="a">Curso de administraci&#xF3;n moderna</subfield>
    <subfield code="p">un an&#xE1;lisis de las funciones de la administraci&#xF3;n</subfield>
  </datafield>
  <datafield tag="250" ind1=" " ind2=" ">
    <subfield code="a">5a. ed</subfield>
  </datafield>
  <datafield tag="264" ind1=" " ind2="1">
    <subfield code="a">Panam&#xE1; :</subfield>
    <subfield code="b">Libros McGraw-Hill</subfield>
    <subfield code="c">1975</subfield>
  </datafield>
  <datafield tag="300" ind1=" " ind2=" ">
    <subfield code="a">784 p.</subfield>
    <subfield code="c">23 cm.</subfield>
  </datafield>
  <datafield tag="505" ind1=" " ind2=" ">
    <subfield code="a">I. Los fundamentos de la administraci&#xF3;n: 1. La administraci&#xF3;n y la ciencia de la administraci&#xF3;n - 2. Patrones del an&#xE1;lisis administrativo - 3. Funciones y autoridad del administrador -  4. El administrador y su ambiente - 5. La administraci&#xF3;n comparada - II. Planeaci&#xF3;n: 6. La naturaleza y el prop&#xF3;sito de la planeaci&#xF3;n - 7. Objetivos - 8. Premisas de planeaci&#xF3;n - 9. Toma de decisiones - 10. Estrategias y pol&#xED;ticas - 11. Ejecuci&#xF3;n de la planeaci&#xF3;n - III. Organizci&#xF3;n: 12. Naturaleza y prop&#xF3;sito de la organizaci&#xF3;n - 13. La amplitud de comando de la administraci&#xF3;n - 14. Departamentalizaci&#xF3;n b&#xE1;sica - 15.Asignaci&#xF3;n de actividades - 16. Relaciones de autoridad entre la linea y el staff - 17. Departamentos de servicios - 18. Descentralizaci&#xF3;n de autoridad - 19. Comit&#xE9;s - 20. C&#xF3;mo lograr una organizaci&#xF3;n efectiva - IV. Dotaci&#xF3;n de personal: 21. Naturaleza y objeto de la dotaci&#xF3;n de personal(staffing) - 22. Selecci&#xF3;n de administradores - 23. Evaluaci&#xF3;n de admnistradores -  24. Desarrollo y entrenamiento de administradores - V. Direcci&#xF3;n : 25. Naturaleza de la direcci&#xF3;n - 26. Motivaci&#xF3;n - 27. La comunicaci&#xF3;n - 28. Liderazgo  - VI: Control: 29. El proceso de control - 30. T&#xE9;cnicas especial del control - 31. Manera de asegurar una administrativa efectiva.</subfield>
  </datafield>
  <datafield tag="942" ind1=" " ind2=" ">
    <subfield code="c">BK</subfield>
  </datafield>
  <datafield tag="590" ind1=" " ind2=" ">
    <subfield code="a">niveau_biblio:m niveau_hierar:0</subfield>
  </datafield>
  <datafield tag="100" ind1="1" ind2=" ">
    <subfield code="a">Koontz, Harold</subfield>
  </datafield>
  <datafield tag="700" ind1="1" ind2=" ">
    <subfield code="a">O' Donnell, Cyril</subfield>
  </datafield>
  <datafield tag="700" ind1="1" ind2=" ">
    <subfield code="a">Ciardelli Fadul, Giovanni</subfield>
  </datafield>
  <datafield tag="999" ind1=" " ind2=" ">
    <subfield code="c">2277</subfield>
    <subfield code="d">2277</subfield>
  </datafield>
  <datafield tag="952" ind1=" " ind2=" ">
    <subfield code="0">0</subfield>
    <subfield code="1">0</subfield>
    <subfield code="4">0</subfield>
    <subfield code="7">0</subfield>
    <subfield code="a">BCEJYS</subfield>
    <subfield code="b">BCEJYS</subfield>
    <subfield code="c">16</subfield>
    <subfield code="d">2026-04-07</subfield>
    <subfield code="l">0</subfield>
    <subfield code="o">658 K75 5ed.</subfield>
    <subfield code="p">L25089</subfield>
    <subfield code="r">2026-04-07 15:56:23</subfield>
    <subfield code="w">2026-04-07</subfield>
    <subfield code="y">L</subfield>
  </datafield>
  <datafield tag="952" ind1=" " ind2=" ">
    <subfield code="0">0</subfield>
    <subfield code="1">0</subfield>
    <subfield code="4">0</subfield>
    <subfield code="7">0</subfield>
    <subfield code="a">BCEJYS</subfield>
    <subfield code="b">BCEJYS</subfield>
    <subfield code="c">16</subfield>
    <subfield code="d">2026-04-07</subfield>
    <subfield code="l">0</subfield>
    <subfield code="o">658 K75 5ed.</subfield>
    <subfield code="p">L26137</subfield>
    <subfield code="r">2026-04-07 15:56:23</subfield>
    <subfield code="w">2026-04-07</subfield>
    <subfield code="y">L</subfield>
  </datafield>
  <datafield tag="952" ind1=" " ind2=" ">
    <subfield code="0">0</subfield>
    <subfield code="1">0</subfield>
    <subfield code="4">0</subfield>
    <subfield code="7">0</subfield>
    <subfield code="a">BCEJYS</subfield>
    <subfield code="b">BCEJYS</subfield>
    <subfield code="c">16</subfield>
    <subfield code="d">2026-04-07</subfield>
    <subfield code="l">0</subfield>
    <subfield code="o">658 K75 5ed.</subfield>
    <subfield code="p">L26139</subfield>
    <subfield code="r">2026-04-07 15:56:23</subfield>
    <subfield code="w">2026-04-07</subfield>
    <subfield code="y">L</subfield>
  </datafield>
  <datafield tag="952" ind1=" " ind2=" ">
    <subfield code="0">0</subfield>
    <subfield code="1">0</subfield>
    <subfield code="4">0</subfield>
    <subfield code="7">0</subfield>
    <subfield code="a">BCEJYS</subfield>
    <subfield code="b">BCEJYS</subfield>
    <subfield code="c">16</subfield>
    <subfield code="d">2026-04-07</subfield>
    <subfield code="l">0</subfield>
    <subfield code="o">658 K75 5ed.</subfield>
    <subfield code="p">L26776</subfield>
    <subfield code="r">2026-04-07 15:56:23</subfield>
    <subfield code="w">2026-04-07</subfield>
    <subfield code="y">L</subfield>
  </datafield>
  <datafield tag="952" ind1=" " ind2=" ">
    <subfield code="0">0</subfield>
    <subfield code="1">0</subfield>
    <subfield code="4">0</subfield>
    <subfield code="7">0</subfield>
    <subfield code="a">BCEJYS</subfield>
    <subfield code="b">BCEJYS</subfield>
    <subfield code="c">16</subfield>
    <subfield code="d">2026-04-07</subfield>
    <subfield code="l">0</subfield>
    <subfield code="o">658 K75 5ed.</subfield>
    <subfield code="p">L26138</subfield>
    <subfield code="r">2026-04-07 15:56:23</subfield>
    <subfield code="w">2026-04-07</subfield>
    <subfield code="y">L</subfield>
  </datafield>
  <datafield tag="952" ind1=" " ind2=" ">
    <subfield code="0">0</subfield>
    <subfield code="1">0</subfield>
    <subfield code="4">0</subfield>
    <subfield code="7">0</subfield>
    <subfield code="a">BCEJYS</subfield>
    <subfield code="b">BCEJYS</subfield>
    <subfield code="c">16</subfield>
    <subfield code="d">2026-04-07</subfield>
    <subfield code="l">0</subfield>
    <subfield code="o">658 K75 5ed.</subfield>
    <subfield code="p">L25090</subfield>
    <subfield code="r">2026-04-07 15:56:23</subfield>
    <subfield code="w">2026-04-07</subfield>
    <subfield code="y">L</subfield>
  </datafield>
</record>
